MARC

LEADER 00000nam0a2200000 4500
001 322217
005 20231102003443.0
035 |a (RuTPU)RU\TPU\book\347773 
090 |a 322217 
100 |a 20160921d1980 km y0rusy50 ca 
101 0 |a rus 
102 |a RU 
105 |a a z 001zy 
200 1 |a Человек, предмет, среда. Вопросы развития советского декоративного искусства 60-70-х годов  |e сборник статей  |f Академия художеств СССР (АХ СССР), Научно-исследовательский институт теории и истории изобразительных искусств ; под ред. В. П. Толстого 
210 |a Москва  |c Изобразительное искусство  |d 1980 
215 |a 256 с.  |c ил. 
320 |a Библиография в примечаниях : с. 243-254 
606 1 |a Декоративно-прикладное искусство  |2 stltpush  |3 (RuTPU)RU\TPU\subj\9017  |9 36311 
610 1 |a предметная срнда 
610 1 |a формирование 
610 1 |a декоративное искусство 
610 1 |a предметный мир 
610 1 |a предметы быта 
610 1 |a архитектурная среда 
610 1 |a цвет 
610 1 |a художественная промышленность 
610 1 |a художественное творчество 
610 1 |a стилизация 
675 |a 745  |v 4 
702 1 |a Толстой  |b В. П.  |4 340 
712 0 2 |a Академия художеств СССР (АХ СССР)  |b Научно-исследовательский институт теории и истории изобразительных искусств  |c (Москва)  |2 stltpush  |3 (RuTPU)RU\TPU\col\11798 
801 1 |a RU  |b 63413507  |c 20160921 
801 2 |a RU  |b 63413507  |c 20200710  |g RCR 
942 |c BK